000 00646nam a2200241Ia 4500
003 OSt
005 20221005084620.0
006 a|||||r|||| 00| 0
007 ta
008 221004b |||||||| |||| 00| 0 eng d
024 _a64465
037 _cTextual
040 _aCRL
_cCRL
_beng
041 _2eng
_aeng
082 _aO111vL, K2
100 _aStephen Leslie
245 0 _aEnglish literature and society in the eighteenth century
260 _aNew York
_bBarnes & Noble
_c1962
300 _a132p.
_ccm.
650 _aENGLISH LITERATURE
942 _hO111vL, K2
_cTEXL
_2cc
999 _c992854
_d992854